[Event "Challenge"]
[Site "http://www.queenalice.com/game.php?id=1853092"]
[Date "2025.3.1"]
[Round "-"]
[White "Winslow"]
[Black "Charlie"]
[Result "0-1"]
[WhiteElo "1653"]
[BlackElo "1820"]

1. d4 Nf6 2. Bf4 d5 3. Nf3 Nc6 4. c3 e6 5. Nbd2 Be7 6. e3 Bd6 7. g3 Bxf4 8. exf4
O-O 9. Qe2 a6 10. Bg2 Qd7 11. O-O Re8 12. Ne5 Qd6 13. a3 b5 14. b4 Bb7 15. Rae1
Rab8 16. Ndf3 Ne4 17. Qe3 Ne7 18. Ng5 Nf5 19. Qf3 Nd2 20. Qh5 Nxf1 21. Qxf7+ Kh8
22. Qxe8+ Rxe8 23. Nef7+ Kg8 24. Kxf1 Qc6 25. Ne5 Qxc3 26. Rb1 Qxd4 27. Bh3 h6
28. Ngf3 Qc3 29. Bg2 Qxa3 30. Nd2 Qc3 31. Ke1 Nd4 32. Bf1 Nc2+ 33. Kd1 Nxb4 34.
Rc1 Qd4 35. Rxc7 Ba8 36. Nf3 Qxf2 37. Rc1 d4 38. Rc7 Bxf3+ 39. Nxf3 Qxf1+ 0-1

[Event "Challenge"]
[Site "http://www.queenalice.com/game.php?id=1853093"]
[Date "2025.3.1"]
[Round "-"]
[White "Charlie"]
[Black "Winslow"]
[Result "0-1"]
[WhiteElo "1887"]
[BlackElo "1642"]

1. e4 d6 2. Nf3 g6 3. Bc4 Bg7 4. c3 Nf6 5. d3 c5 6. Qb3 e6 7. Bg5 O-O 8. O-O d5
9. exd5 exd5 10. Bxd5 Qxd5 11. Qxd5 Nxd5 12. Re1 Be6 13. Nbd2 Nc6 14. Nb3 b6 15.
d4 Rac8 16. c4 cxd4 17. cxd5 Bxd5 18. Rad1 Bxf3 19. gxf3 f6 20. Bc1 Rcd8 21. Re6
Ne5 22. f4 Nf3+ 23. Kh1 Rfe8 24. Rxe8+ Rxe8 25. Nxd4 Nxd4 26. Kg2 f5 27. Be3 Rd8
28. b3 Bf6 0-1

[Event "Challenge"]
[Site "http://www.queenalice.com/game.php?id=1853387"]
[Date "2025.3.6"]
[Round "-"]
[White "game"]
[Black "Charlie"]
[Result "0-1"]
[WhiteElo "1559"]
[BlackElo "1874"]

1. d4 Nf6 2. e3 d5 3. Nf3 Nc6 4. Ng5 e6 5. f4 Be7 6. Qf3 O-O 7. Bd3 g6 8. h4 Nb4
9. h5 Nxd3+ 10. cxd3 Nxh5 11. e4 dxe4 12. dxe4 Qxd4 13. Nc3 b6 14. e5 Ba6 15.
Rh4 Qg1+ 16. Kd2 Rad8+ 17. Kc2 Bd3+ 18. Kb3 Qc5 19. f5 exf5 20. Be3 f4 21. Bxc5
bxc5 22. Rg4 Rb8+ 23. Ka3 c4+ 24. Ka4 Rxb2 25. Nd5 Bc2+ 26. Ka5 Bc5 27. Nf6+
Nxf6 28. exf6 Rfb8 29. a4 Bxa4 30. Rxa4 R8b6 31. Qa8+ Bf8 32. Qxa7 R2b5# 0-1

[Event "Challenge"]
[Site "http://www.queenalice.com/game.php?id=1853388"]
[Date "2025.3.6"]
[Round "-"]
[White "Charlie"]
[Black "game"]
[Result "1/2-1/2"]
[WhiteElo "1888"]
[BlackElo "1545"]

1. e4 d6 2. Nc3 Nc6 3. d4 e5 4. Nf3 exd4 5. Nxd4 Nxd4 6. Qxd4 Qe7 7. Bc4 Be6 8.
Nd5 c5 9. Qc3 Nf6 10. Bg5 Bxd5 11. O-O Qxe4 12. Rfe1 Bxc4 13. Rxe4+ Nxe4 14. Re1
Bd5 15. f3 Be7 16. fxe4 Be6 17. Qxg7 Rf8 18. Bh6 Kd7 19. Qg3 Rg8 20. Qd3 Bxa2
21. b3 Bg5 22. Bxg5 Rxg5 23. Ra1 Re8 24. Rxa2 a6 25. Qh3+ Re6 26. Qxh7 Re7 27.
c4 f6 28. Qh3+ Kc6 29. Qd3 Rg4 30. Rf2 Rgxe4 31. Rxf6 Re1+ 32. Rf1 R1e3 33. Qd5+
Kd7 34. Qxb7+ Ke6 35. Qc8+ 1/2-1/2

[Event "Challenge"]
[Site "http://www.queenalice.com/game.php?id=1853389"]
[Date "2025.3.6"]
[Round "-"]
[White "game"]
[Black "Charlie"]
[Result "0-1"]
[WhiteElo "1529"]
[BlackElo "1877"]

1. e4 c5 2. Bc4 e6 3. Nc3 Nc6 4. Nb5 Nf6 5. d3 Be7 6. Bf4 e5 7. Bg3 a6 8. Na3
O-O 9. Nh3 b5 10. Bd5 Bd6 11. Ng5 Rb8 12. h4 Ne7 13. Nxf7 Rxf7 14. Bxf7+ Kxf7
15. Qf3 Kg8 16. h5 c4 17. Bh4 cxd3 18. Qxd3 Qa5+ 19. c3 Rb6 20. Bxf6 gxf6 21. g4
Bxa3 22. bxa3 Qxa3 23. Ke2 a5 24. h6 b4 25. Rhb1 Ba6 26. c4 Qa4 27. Kf3 Nc6 28.
Kg3 Nd4 29. Rc1 Bc8 30. c5 Qb5 31. Qe3 Ne2+ 32. Kh4 Rc6 33. Re1 Nf4 34. Rac1
Ng2+ 35. Kh5 Nxe3 36. a4 Qxa4 37. Rxe3 Qb5 38. g5 fxg5 39. Rg1 Qxc5 40. Kxg5
Rg6+ 0-1

[Event "Challenge"]
[Site "http://www.queenalice.com/game.php?id=1853796"]
[Date "2025.3.12"]
[Round "-"]
[White "game"]
[Black "Charlie"]
[Result "0-1"]
[WhiteElo "1443"]
[BlackElo "1881"]

1. e4 c5 2. Bc4 e6 3. Nf3 Nc6 4. Bb5 a6 5. Bc4 b5 6. Be2 Nd4 7. Ne5 d6 8. Nf3
Bb7 9. O-O Bxe4 10. Nxd4 cxd4 11. f3 Bb7 12. d3 Nf6 13. f4 Be7 14. b4 O-O 15. c3
d5 16. cxd4 Bxb4 17. a4 Rc8 18. axb5 a5 19. Ba3 Re8 20. Bxb4 axb4 21. Ra7 Qb6
22. Qa4 Ra8 23. Rxa8 Qxd4+ 24. Kh1 Rxa8 25. Qb3 Qe3 26. Qc2 Rc8 27. Qb3 Qxe2 28.
Qd1 Qh5 29. g4 Nxg4 30. Nd2 Qxh2# 0-1

[Event "Challenge"]
[Site "http://www.queenalice.com/game.php?id=1853797"]
[Date "2025.3.12"]
[Round "-"]
[White "Charlie"]
[Black "game"]
[Result "1-0"]
[WhiteElo "1879"]
[BlackElo "1445"]

1. e4 d6 2. Nf3 e5 3. a4 Nc6 4. Bc4 Nf6 5. Ng5 Nxe4 6. Bxf7+ Kd7 7. Nxe4 d5 8.
Bxd5 Ke8 9. Bxc6+ bxc6 10. Qh5+ Kd7 11. Qxe5 Bb7 12. O-O Ba6 13. Re1 Bd6 14. Qd4
Re8 15. d3 Re6 16. Nc5+ Kc8 17. Nxe6 Qf6 18. Bg5 Qf7 19. Nxg7 Kb7 20. Ne6 Qh5
21. h4 Qg6 22. c4 Bb4 23. Nc3 h6 24. Bf4 Bd6 25. Bxd6 cxd6 26. Qxd6 Kb6 27. Qc7#
1-0

[Event "Challenge"]
[Site "http://www.queenalice.com/game.php?id=1853798"]
[Date "2025.3.12"]
[Round "-"]
[White "game"]
[Black "Charlie"]
[Result "0-1"]
[WhiteElo "1441"]
[BlackElo "1883"]

1. e4 c5 2. d3 Nc6 3. Nf3 e5 4. Bg5 Be7 5. h4 d6 6. Nc3 Be6 7. Qd2 f6 8. Be3 Nd4
9. Nd5 f5 10. exf5 Bxd5 11. c4 Bxf3 12. Bxd4 cxd4 13. gxf3 Qb6 14. b3 d5 15.
cxd5 Bb4 16. Rd1 Bxd2+ 17. Rxd2 Nf6 18. f4 O-O 19. Bh3 exf4 20. Kf1 Rac8 21. Kg2
h5 22. Re1 Qd6 23. Kf3 Rc7 24. Rg1 Nxd5 25. Kg2 Nc3 26. Kh2 f3+ 27. Rg3 Ne2 28.
f6 Nxg3 29. fxg3 Rxf6 30. Rd1 Rc2+ 31. Kg1 Qxg3+ 0-1

[Event "Challenge"]
[Site "http://www.queenalice.com/game.php?id=1854056"]
[Date "2025.3.17"]
[Round "-"]
[White "game"]
[Black "Charlie"]
[Result "1-0"]
[WhiteElo "1527"]
[BlackElo "1861"]

1. e4 c5 2. Nf3 d6 3. Nc3 e6 4. Nb5 a6 5. Nc3 Nc6 6. d4 cxd4 7. Nxd4 Nf6 8. g4
Qa5 9. Be3 Nxe4 10. Bg2 d5 11. O-O Qc7 12. Nxe4 dxe4 13. c3 Bd6 14. f3 Bxh2+ 15.
Kf2 Qg3+ 16. Ke2 Qxg2+ 17. Rf2 Nxd4+ 18. Bxd4 exf3+ 19. Ke3 Qh3 20. Rxf3 e5 21.
Rxh3 exd4+ 22. cxd4 Bc7 23. Kd3 O-O 24. Qc2 Bb6 25. Kd2 Bxd4 26. Qxh7# 1-0

[Event "Challenge"]
[Site "http://www.queenalice.com/game.php?id=1854057"]
[Date "2025.3.17"]
[Round "-"]
[White "Charlie"]
[Black "game"]
[Result "1-0"]
[WhiteElo "1885"]
[BlackElo "1472"]

1. e4 e5 2. Nf3 d6 3. Bc4 h6 4. Nc3 d5 5. Bxd5 Nd7 6. a3 f6 7. Nh4 f5 8. Qh5+
Ke7 9. Nxf5+ Kf6 10. Qf7+ Kg5 11. d3+ Kg4 12. h3# 1-0

[Event "Challenge"]
[Site "http://www.queenalice.com/game.php?id=1854058"]
[Date "2025.3.17"]
[Round "-"]
[White "game"]
[Black "Charlie"]
[Result "0-1"]
[WhiteElo "1541"]
[BlackElo "1815"]

1. d4 Nf6 2. e3 e6 3. Nf3 Nc6 4. Ne5 d6 5. Nf3 Be7 6. Bb5 Bd7 7. e4 a6 8. Bd3 e5
9. d5 Nb4 10. Nc3 c6 11. Bg5 h6 12. dxc6 bxc6 13. Bd2 a5 14. a3 Na6 15. Na4 c5
16. b3 Bxa4 17. bxa4 Nc7 18. Qe2 O-O 19. Nh4 Ne6 20. Nf5 Nd4 21. Qd1 Nxf5 22.
exf5 Rb8 23. O-O Qd7 24. Bxa5 Qxa4 25. Qd2 Rb2 26. g4 Qxg4+ 27. Kh1 e4 28. Bc3
Rb7 29. Rg1 Qf3+ 30. Rg2 exd3 31. Qxh6 Qxg2+ 32. Kxg2 gxh6 33. Rg1 c4 34. Kh3+
Kh7 35. Kh4 Ne4+ 36. Kh5 Nxc3 0-1

[Event "Let's Play 843"]
[Site "http://www.queenalice.com/game.php?id=1854356"]
[Date "2025.3.24"]
[Round "-"]
[White "Charlie"]
[Black "digger"]
[Result "1-0"]
[WhiteElo "1880"]
[BlackElo "1712"]

1. e4 e5 2. Nf3 Qf6 3. Nc3 Bc5 4. Nd5 Qd6 5. Bc4 c6 6. Nc3 Bb6 7. Ng5 Nh6 8. d3
Qf6 9. O-O O-O 10. Kh1 d6 11. Nf3 Ng4 12. h3 Nh6 13. Bg5 Qg6 14. Qd2 Be6 15. Qe2
Bxc4 16. dxc4 f6 17. Be3 Qh5 18. Bxh6 Qxh6 19. Rfd1 Bc7 20. Nh2 Rd8 21. Ng4 Qg5
22. Qf3 Rf8 23. Ne2 f5 24. exf5 Rxf5 25. Qg3 Na6 26. Ng1 e4 27. a3 d5 28. Ne3
Qxg3 29. fxg3 Rf7 30. cxd5 Rf6 31. Ne2 Rg6 32. Nf5 cxd5 33. Ne7+ Kf7 34. Nxg6
hxg6 35. Rxd5 Ke6 36. Rad1 Be5 37. c3 Nc7 38. Rd7 Kf6 39. h4 Ne6 40. Rxb7 a5 41.
Rf1+ Bf4 42. gxf4 Nf8 43. g4 g5 44. fxg5+ Kg6 45. Nf4+ Kh7 46. Nh5 Ne6 47. Rff7
a4 48. Nxg7 Nd8 49. g6+ Kxg6 50. h5+ Kg5 51. Rf5+ Kxg4 52. Re7 e3 53. Rxe3 Rb8
54. Kg2 Rxb2+ 55. Rf2 Rxf2+ 56. Kxf2 Kf4 57. h6 Nf7 58. Rf3+ Kg5 59. Rxf7 Kxh6
60. Ne6 Kg6 61. Rf4 Kh5 62. c4 Kg6 63. c5 Kh6 64. c6 Kg6 65. c7 Kh6 66. c8=Q Kh7
67. Nf8+ Kh6 68. Qc6+ Kg7 69. Qg6+ Kh8 70. Rh4# 1-0

[Event "Let's Play 844"]
[Site "http://www.queenalice.com/game.php?id=1854357"]
[Date "2025.3.24"]
[Round "-"]
[White "digger"]
[Black "Charlie"]
[Result "1/2-1/2"]
[WhiteElo "1705"]
[BlackElo "1887"]

1. Nc3 e5 2. e4 Nf6 3. Nf3 d6 4. d3 Be7 5. Be2 O-O 6. O-O Nc6 7. Bg5 a6 8. Qd2
Ng4 9. Bxe7 Nxe7 10. d4 Ng6 11. dxe5 N6xe5 12. Nxe5 Nxe5 13. b3 Re8 14. f4 Ng4
15. f5 Nf6 16. Bf3 c6 17. Rae1 Qb6+ 18. Kh1 Qc7 19. Rd1 b5 20. Qxd6 Qxd6 21.
Rxd6 b4 22. Na4 Bd7 23. Nb6 Ra7 24. Re1 Bxf5 25. Rxc6 Bd7 26. Rc4 a5 27. Na4 Bb5
28. Rd4 Rae7 29. h3 Bc6 30. e5 Bxf3 31. gxf3 Rxe5 32. Red1 h6 33. Nb2 Nh5 34.
Nc4 Re2 35. Rc1 Ra8 36. Nb6 Rae8 37. Kg1 Ng3 38. Rdd1 Nf5 39. Nd5 Rc8 40. c3
Rxa2 41. cxb4 Re8 42. Rc5 axb4 43. Nxb4 Ne3 44. Rdc1 Rg2+ 45. Kh1 Rg3 46. Kh2
Rxf3 47. R5c3 Re4 48. Rc8+ Kh7 49. Nc2 Rh4 50. Nxe3 Rxe3 51. b4 Rb3 52. Rb8
Rbxh3+ 53. Kg2 Rh2+ 54. Kg3 g5 55. b5 Rb2 56. b6 Kg6 57. Rbc8 Rxb6 58. R8c6+
Rxc6 59. Rxc6+ Kh5 60. Rd6 f5 61. Rd5 f4+ 62. Kf3 Rh3+ 63. Kg2 Rg3+ 64. Kf2 Kh4
65. Rd4 Re3 66. Rd2 Kg4 1/2-1/2

[Event "Challenge"]
[Site "http://www.queenalice.com/game.php?id=1854425"]
[Date "2025.3.24"]
[Round "-"]
[White "game"]
[Black "Charlie"]
[Result "0-1"]
[WhiteElo "1539"]
[BlackElo "1829"]

1. e4 c5 2. Nf3 d6 3. d3 e5 4. Nc3 Be6 5. Bg5 Be7 6. Be3 Nc6 7. Qe2 Qb6 8. Na4
Qb4+ 9. c3 Qxa4 10. Bg5 Qa5 11. Bd2 Qd8 12. Qe3 Nf6 13. Ng5 Ng4 14. Qf3 Bxg5 15.
h4 Bxd2+ 16. Kxd2 Ne7 17. h5 Qb6 18. b4 cxb4 19. Rb1 bxc3+ 20. Kc2 Qc5 21. Rxb7
Qxf2+ 22. Qxf2 Nxf2 23. Rh2 Ng4 24. Rh4 Ne3+ 25. Kxc3 Nxf1 26. g4 Nc6 27. h6 g6
28. Rh1 Ng3 29. Rhb1 Nd8 30. Rc7 Rc8 31. Rxc8 Bxc8 32. Rb8 Bxg4 33. a4 Ke7 34.
Ra8 Ne2+ 35. Kb4 a5+ 36. Kb5 Bd7+ 37. Kxa5 Nc6+ 0-1

[Event "Challenge"]
[Site "http://www.queenalice.com/game.php?id=1854426"]
[Date "2025.3.24"]
[Round "-"]
[White "Charlie"]
[Black "game"]
[Result "1-0"]
[WhiteElo "1833"]
[BlackElo "1571"]

1. e4 e5 2. Nf3 h6 3. Nc3 Nc6 4. Bb5 a6 5. Bxc6 dxc6 6. Nxe5 Qd4 7. Nf3 Qc5 8.
d4 Qa5 9. Bd2 Qb6 10. Na4 Qa7 11. O-O Nf6 12. Re1 Bd7 13. c4 b5 14. cxb5 cxb5
15. Nc3 O-O-O 16. Be3 c6 17. d5 c5 18. Ne5 Re8 19. Nxf7 Rg8 20. Bf4 Bg4 21. f3
Qxf7 22. fxg4 h5 23. g5 Ng4 24. g3 Qa7 25. Kg2 c4 26. Re2 Rh8 27. h3 Ne5 28. d6
Nd3 29. Nd5 g6 30. Be3 Qf7 31. d7+ Kxd7 32. Nf6+ Kc8 33. Nxe8 Qxe8 34. Bd4 Rg8
35. a4 Qd8 36. Bf6 Be7 37. Rd2 Bxf6 38. gxf6 Qxf6 39. axb5 Nxb2 40. Qe2 Nd3 41.
Rxa6 Rd8 42. Rxf6 Rg8 43. Rc6+ Kb7 44. e5 Nc1 45. Qe3 Nd3 46. Qb6+ Ka8 47. Ra2#
1-0

[Event "Challenge"]
[Site "http://www.queenalice.com/game.php?id=1854427"]
[Date "2025.3.24"]
[Round "-"]
[White "game"]
[Black "Charlie"]
[Result "0-1"]
[WhiteElo "1552"]
[BlackElo "1852"]

1. d4 Nf6 2. Nf3 d5 3. e3 Bg4 4. Be2 Bf5 5. Bd3 Bxd3 6. Qxd3 Nc6 7. Nc3 Nb4 8.
Qd2 e6 9. a3 Nc6 10. e4 dxe4 11. Ng5 Nxd4 12. Ngxe4 Be7 13. Qd1 O-O 14. O-O c5
15. b4 cxb4 16. axb4 Bxb4 17. Qd3 Rc8 18. Ba3 a5 19. Rfd1 e5 20. Ng5 g6 21. Qh3
Rxc3 22. Bb2 Rxh3 23. gxh3 Nd5 24. h4 Bc5 25. c4 Nf4 26. Ne4 b6 27. Bxd4 Ne2+
28. Kf1 Nxd4 29. Nxc5 bxc5 30. Re1 Nc2 31. Rad1 Qxh4 32. Rxe5 Qxh2 33. Rxc5 Qh1+
34. Ke2 Re8+ 35. Kd2 Rd8+ 36. Rd5 Qxd5+ 37. cxd5 Nb4 38. Kc3 Rc8+ 39. Kd4 Nxd5
40. Ra1 Rd8 41. Rxa5 Nc7+ 42. Ke5 h5 43. Rc5 Rd5+ 44. Rxd5 Nxd5 45. Kxd5 h4 46.
Ke4 f6 47. Kf3 g5 48. Kg4 Kg7 49. f3 Kg6 50. Kh3 f5 51. Kh2 g4 52. f4 Kh5 53.
Kg2 Kg6 54. Kh2 Kf6 55. Kg2 Ke6 56. Kf2 Kd5 57. Ke3 h3 58. Kf2 Ke4 59. Kg3 Ke3
60. Kh4 Kf3 61. Kg5 h2 62. Kxf5 h1=Q 63. Ke5 g3 64. Ke6 Kxf4 65. Kf6 Qh6+ 66.
Ke7 Ke5 67. Kf7 g2 68. Ke7 Qh7+ 0-1

[Event "Challenge"]
[Site "http://www.queenalice.com/game.php?id=1855060"]
[Date "2025.4.6"]
[Round "-"]
[White "game"]
[Black "Charlie"]
[Result "0-1"]
[WhiteElo "1561"]
[BlackElo "1856"]

1. e4 c5 2. Nf3 d6 3. Bc4 e6 4. e5 d5 5. Be2 Nc6 6. d4 cxd4 7. Bb5 Bd7 8. Qe2
Nge7 9. Bd3 Qa5+ 10. Bd2 Qc7 11. Ng5 Ng6 12. O-O Ncxe5 13. f4 Nxd3 14. cxd3 Bd6
15. f5 Ne5 16. fxe6 Bxe6 17. Nf3 Nxf3+ 18. Rxf3 O-O 19. Na3 Bg4 20. Nb5 Qd7 21.
Nxd4 Bxf3 22. gxf3 Rfe8 23. Be3 Bf4 24. Kf2 Bxe3+ 25. Kf1 Bxd4 26. Qg2 Qb5 27.
Rd1 Bxb2 28. Rb1 Qxd3+ 29. Kg1 Qxb1+ 30. Kf2 Qc2+ 31. Kg3 Qxg2+ 32. Kxg2 d4 0-1

[Event "Challenge"]
[Site "http://www.queenalice.com/game.php?id=1855061"]
[Date "2025.4.6"]
[Round "-"]
[White "Charlie"]
[Black "game"]
[Result "1-0"]
[WhiteElo "1863"]
[BlackElo "1533"]

1. e4 e6 2. Nf3 Qf6 3. d4 d5 4. e5 Qf5 5. Bd3 Qg4 6. O-O Nc6 7. Be3 h5 8. Be2 f6
9. Nc3 g5 10. Nxg5 Qf5 11. Bd3 Qg4 12. Bg6+ Kd8 13. Nf7+ Ke7 14. Nxh8 Bg7 15.
Qxg4 hxg4 16. Nf7 fxe5 17. Bg5+ Nf6 18. dxe5 Nxe5 19. Nxe5 d4 20. Ne4 Bd7 21.
Nxd7 Kxd7 22. Bxf6 Bh6 23. Rad1 Rf8 24. Rxd4+ Kc6 25. Rfd1 Kb5 26. Nc3+ Kb6 27.
Na4+ Ka5 28. Be7 Rc8 29. Rxg4 b5 30. Nc5 c6 31. b4+ Kb6 32. Bd8+ Rxd8 33. Rxd8
Bd2 34. Rxd2 a5 35. a3 axb4 36. axb4 1-0

[Event "Challenge"]
[Site "http://www.queenalice.com/game.php?id=1855062"]
[Date "2025.4.6"]
[Round "-"]
[White "game"]
[Black "Charlie"]
[Result "0-1"]
[WhiteElo "1536"]
[BlackElo "1860"]

1. d4 Nf6 2. Nf3 e6 3. Ng5 h6 4. Nf3 c6 5. e3 c5 6. Bc4 cxd4 7. exd4 a6 8. Ne5
b5 9. Qf3 Ra7 10. Be2 Bb7 11. Qc3 Bxg2 12. a4 Bxh1 13. f3 a5 14. Kf1 Nd5 15. Qe1
d6 16. Bxb5+ Nd7 17. Nc6 Qc7 18. Nxa7 Qxa7 19. Nc3 Bxf3 20. Nxd5 Bxd5 21. Bd2
Be7 22. c4 Ba8 23. Bxa5 O-O 24. c5 dxc5 25. d5 Bxd5 26. Bd3 c4 27. Be4 Bxe4 28.
Bc3 Bd3+ 29. Kg2 Qb7+ 30. Kh3 Bd6 31. Qh4 Bf5+ 32. Qg4 Bxg4+ 33. Kxg4 Qg2+ 34.
Kh4 Nf6 35. b4 Qg4# 0-1

[Event "Challenge"]
[Site "http://www.queenalice.com/game.php?id=1855423"]
[Date "2025.4.11"]
[Round "-"]
[White "game"]
[Black "Charlie"]
[Result "0-1"]
[WhiteElo "1467"]
[BlackElo "1883"]

1. e4 c5 2. Nf3 d6 3. Bc4 e6 4. d4 cxd4 5. Qxd4 Nc6 6. Qc3 a6 7. Ng5 Ne5 8. Bf4
Nxc4 9. Nd2 Nxd2 10. Qxd2 h6 11. Nf3 Be7 12. O-O-O e5 13. Bg3 Nf6 14. Qe3 b5 15.
Bxe5 Ng4 16. Qe2 dxe5 17. Rxd8+ Bxd8 18. Rd1 O-O 19. h3 Nf6 20. Nxe5 Bb7 21. Nd7
Nxd7 22. Rxd7 Bc6 23. Rd4 Re8 24. Qf3 Bb6 25. Rd6 Bxe4 26. Qg4 Bxf2 27. Rxh6
Be3+ 28. Kb1 Bxh6 29. b4 Rac8 30. Kb2 Rxc2+ 31. Kb3 f5 32. Qh5 Rec8 33. g4 R8c3#
0-1

[Event "Challenge"]
[Site "http://www.queenalice.com/game.php?id=1855424"]
[Date "2025.4.11"]
[Round "-"]
[White "Charlie"]
[Black "game"]
[Result "1-0"]
[WhiteElo "1881"]
[BlackElo "1537"]

1. e4 e5 2. Nf3 Nc6 3. a3 Nf6 4. Bc4 d6 5. Ng5 Be6 6. Bxe6 fxe6 7. Nxe6 Qe7 8.
Ng5 Nd4 9. d3 O-O-O 10. c3 Ne6 11. Nf3 Ng4 12. h3 Nh6 13. d4 exd4 14. cxd4 g5
15. O-O Nf4 16. Bxf4 gxf4 17. Nc3 Bg7 18. Rc1 d5 19. Re1 c5 20. exd5 Qf6 21.
dxc5 Qf5 22. d6 Kd7 23. Qa4+ Kc8 24. Qxa7 Bd4 25. Nxd4 Qd7 26. Qa8# 1-0

[Event "Challenge"]
[Site "http://www.queenalice.com/game.php?id=1855425"]
[Date "2025.4.11"]
[Round "-"]
[White "game"]
[Black "Charlie"]
[Result "0-1"]
[WhiteElo "1457"]
[BlackElo "1885"]

1. e4 c5 2. Bc4 e6 3. d4 cxd4 4. Nf3 Nc6 5. Ng5 Be7 6. h4 a6 7. Qf3 Ne5 8. Qf4
Bxg5 9. Qxe5 f6 10. Qxd4 Bxc1 11. O-O Bf4 12. g3 Be5 13. Qe3 Bxb2 14. Nc3 Bxa1
15. Rxa1 Ne7 16. e5 Nf5 17. Qf4 fxe5 18. Qxe5 O-O 19. Kg2 b5 20. Rh1 d6 21.
Bxe6+ Bxe6 22. Qxe6+ Kh8 23. Rd1 Rf6 24. Qe4 Qc8 25. Nd5 Qe6 26. Nxf6 Qxe4+ 27.
Nxe4 g6 28. g4 Nh6 29. Rxd6 Nxg4 30. f3 Ne3+ 31. Kg3 Nf5+ 32. Kg4 Nxd6 33. Nxd6
Kg7 34. Ne4 Rc8 35. Kg5 Rxc2 36. Nf6 h6+ 37. Kg4 Kxf6 38. f4 Rxa2 39. h5 gxh5+
40. Kxh5 Kg7 41. f5 b4 42. Kg4 b3 43. Kf4 b2 44. Ke5 b1=Q 45. f6+ Kf7 0-1

[Event "Challenge"]
[Site "http://www.queenalice.com/game.php?id=1855688"]
[Date "2025.4.16"]
[Round "-"]
[White "jogo"]
[Black "Charlie"]
[Result "0-1"]
[WhiteElo "1909"]
[BlackElo "1889"]

1. e4 c5 2. Nf3 d6 3. d4 cxd4 4. Nxd4 a6 5. Be3 Nc6 6. Bb5 axb5 7. Nxb5 Nf6 8.
f3 e5 9. O-O Be7 10. g4 h6 11. g5 hxg5 12. Bxg5 Nh5 13. Bxe7 Qxe7 14. Nxd6+ Kf8
15. Nxc8 Rxc8 16. a3 Nf4 17. Kh1 Rd8 18. Qe1 Nd4 19. Qd2 Nb3 20. Qb4 Nxa1 21.
Qxe7+ Kxe7 22. Nc3 Nxc2 23. Rc1 Rd2 0-1

[Event "Challenge"]
[Site "http://www.queenalice.com/game.php?id=1855937"]
[Date "2025.4.21"]
[Round "-"]
[White "Charlie"]
[Black "game"]
[Result "1/2-1/2"]
[WhiteElo "1908"]
[BlackElo "1412"]

1. e4 c5 2. Nf3 Nf6 3. Nc3 Ng4 4. h3 Nh6 5. a4 e6 6. Bc4 Nc6 7. d3 Be7 8. O-O
Bd6 9. Re1 Nd4 10. Nxd4 cxd4 11. Nb5 Qe7 12. Nxd4 Bb4 13. c3 Ba5 14. Qh5 O-O 15.
Bxh6 gxh6 16. Qxh6 Bc7 17. Re3 f5 18. exf5 Qd6 19. Rg3+ Kf7 20. Rg7+ Ke8 21. g3
Qe5 22. Qh5+ Kd8 23. Qxh7 Bd6 24. Bb5 Kc7 25. Bxd7 Bxd7 26. Rxd7+ Kb6 27. Rxb7+
Ka6 28. Rb5 Rab8 29. Rxe5 Bxe5 30. Nxe6 1/2-1/2

[Event "Challenge"]
[Site "http://www.queenalice.com/game.php?id=1855938"]
[Date "2025.4.21"]
[Round "-"]
[White "game"]
[Black "Charlie"]
[Result "0-1"]
[WhiteElo "1414"]
[BlackElo "1906"]

1. e4 c5 2. Nf3 d6 3. Bc4 e6 4. O-O Nc6 5. d4 cxd4 6. Nxd4 Be7 7. Re1 Qb6 8. Nf3
Qd8 9. Bf4 Qc7 10. Ng5 Qd8 11. Qh5 g6 12. Qf3 Nd4 13. Qd3 Nc6 14. Bd2 Bxg5 15.
Qg3 Bxd2 16. Nxd2 Nd4 17. Qc3 Nc6 18. Qxh8 Ne7 19. Qxh7 Bd7 20. Nf3 Rc8 21. Bd3
Rc5 22. Qh4 Rh5 23. Qg3 e5 24. Ng5 Nf6 25. Bc4 d5 26. exd5 Nf5 27. Qxe5+ Kf8 28.
f4 Qb6+ 29. Kh1 Ng3# 0-1